| 000 | 00832nam a22002057a 4500 | ||
|---|---|---|---|
| 999 |
_c16945 _d16945 |
||
| 003 | AR-CdUCM | ||
| 008 | 190506b ||||| |||| 00| 0 sap d | ||
| 040 |
_aMUNICIPALIDAD PROVINCIAL DEL CUSCO _cBIBLIOTECA MUNICIPAL DEL CUSCO |
||
| 082 |
_a153 / _bS75 |
||
| 100 |
_aSpirkin, A.. _936705 |
||
| 245 | _aEl origen de la ciencia humana / | ||
| 260 |
_aBuenos Aires : _bPlatina / Stilcograf, _c1965. |
||
| 300 |
_a382 páginas ; _c20 cm. |
||
| 440 |
_aColección el ser y la conciencia. _936706 |
||
| 505 | _aContenido :La pre historia de la conciencia -- La génesis y las tempranas etapas de su desarrollo -- El origen de las formas de la conciencia social -- La formación de la auto conciencia ... | ||
| 650 |
_aConciencia humana. _936707 |
||
| 650 |
_aSeres humanos. _921798 |
||
| 942 |
_2ddc _cLIBROS |
||
| 945 |
_arum _d2019-05-06 |
||